Liderazgo Kumano : una nueva propuesta para dirigir /

Guardado en:
Autor Principal: Domenech Gurí, Pablo, (autor.)
Formato: eBook
Idioma:Spanish
Publicado: Madrid : Bubok Publishing, 2024.
Materias:
Acceso en línea:https://elibro.net/ereader/unsbiblio/280214
Etiquetas: Agregar Etiqueta
Sin Etiquetas, Sea el primero en etiquetar este registro!
LEADER 01325nam a2200361 i 4500
001 elibro.ELB280214
003 FINmELB
005 20250320101610.0
006 m o u
007 cr cn|||||||||
008 250320s2024 sp o 000 0 spa d
020 |a 9788412863741  |q (e-book) 
035 |a (OCoLC)1511312077 
040 |a FINmELB  |b spa  |e rda  |c FINmELB 
043 |a a-ja--- 
050 1 4 |a HD57.7  |b D668 2024 
080 |a 316.46 
082 0 4 |a 658.4092  |2 23 
100 1 |a Domenech Gurí, Pablo,  |e autor. 
245 1 0 |a Liderazgo Kumano :  |b una nueva propuesta para dirigir /  |c Pablo Domenech Gurí. 
264 1 |a Madrid :  |b Bubok Publishing,  |c 2024. 
300 |a 1 recurso en línea (176 páginas) 
336 |a texto  |b txt  |2 rdamedia/spa 
337 |a computadora  |b c  |2 rdamedia/spa 
338 |a recurso en línea  |2 rdacarrier/spa 
588 |a Descripción basada en metadatos suministrados por el editor y otras fuentes. 
590 |a Recurso electrónico. Santa Fe, Arg.: elibro, 2024. Disponible vía World Wide Web. El acceso puede estar limitado para las bibliotecas afiliadas a elibro. 
650 4 |a Liderazgo. 
650 4 |a Peregrinaciones  |z Japón. 
651 4 |a Kumano (Región : Japón) 
655 4 |a Libros electrónicos. 
797 2 |a elibro, Corp. 
856 4 0 |u https://elibro.net/ereader/unsbiblio/280214